LIBRARY & INFORMATION CENTRE, KCAET, TAVANUR

ONLINE PUBLIC ACCESS CATALOGUE (OPAC)

Normal view MARC view
  • Diveena A S

Entry Personal Name

Number of records used in: 1

001 - CONTROL NUMBER

  • control field: 4962

003 - CONTROL NUMBER IDENTIFIER

  • control field: OSt

005 - DATE AND TIME OF LATEST TRANSACTION

  • control field: 20210906142209.0

008 - FIXED-LENGTH DATA ELEMENTS

  • fixed length control field: 210906|| aca||aabn | a|a d

040 ## - CATALOGING SOURCE

  • Original cataloging agency: OSt
  • Transcribing agency: OSt

100 ## - HEADING--PERSONAL NAME

  • Personal name: Diveena A S

670 ## - SOURCE DATA FOUND

  • Source citation: Work cat.: (OSt): Asif Hussin 4960, Standardization of Irrigation requirement for snak gourd under rain shelter, 2021
free website counter